| 000 | 00668nam a2200193Ia 4500 | ||
|---|---|---|---|
| 003 | GCL | ||
| 008 | 140319s9999 xx 000 0 ara d | ||
| 040 |
_aGCL / _cGCL |
||
| 082 | 0 | 4 |
_a001.6424 _bم ب |
| 100 | 1 | _aمحمد احمد عزالعرب | |
| 245 | 1 | 0 |
_aالباسيك و الفورتران فور :مقارنة تطبيقية لاستخدامات الميكروكمبيوتر / _cمحمد احمد عزالعرب |
| 260 |
_a[S.N] : _bدار الراتب الجامعية ، _c1986 |
||
| 300 | _a189 ص | ||
| 490 | _a | ||
| 650 | 0 | 4 | _aالحاسبات الالكترونية |
| 650 | 0 | 4 | _aالفورتران |
| 650 | 0 | 4 | _aالباسيك |
| 942 |
_2ddc _cBK |
||
| 999 |
_c53416 _d53416 |
||